000 00869nam a22001817a 4500
999 _c62733
_d62733
005 20250203170014.0
008 250203s2012 ru ||||| |||| 00| 0 rus d
020 _a9785916910223
041 _arus
080 _a271.22(479.224) Д-69
100 _aДорофей (Дбар), архимандрит
_924226
245 _aПравославная Церковь в Абхазии: Прошлое, настоящее, будущее :
_b(Статьи, сообщения, размышления и интервью). ТОМ І /
_cАрхимандрит Дорофей (Дбар).
264 _aНовый Афон :
_bИзд. Священной Митрополии Абхазии,
_c2014.
300 _a560 стр.:
_bил.;
_c23 см.
653 _aრელიგია
653 _aმართმლადიდებლობა
942 _2udc
_cᲬᲘᲒᲜᲘ